00496nam a22001697a 4500003000400000005001700004008004100021040000800062041001200070100001400082245005800096260004700154300003700201500002000238651003400258651003400292OSt20251221160941.0251221b |||||||| |||| 00| 0 eng d cDCL aEnglish0 aShway Yoe14aThe Burman : bhis life and notions / cby Shway Yoe. aNew York :bW. W. Norton & Company,c1963. axxxi, 609 pages :bmap ;c19 cm. aIncludes index. aMyanmarxSocial life & Custom aBurmaxDescription and travel